ISA - Medzinárodné audítorské štandardy
Guardado en:
| Autor principal: | |
|---|---|
| Formato: | Libro |
| Lenguaje: | eslovaco |
| Publicado: |
Bratislava
SÚVAHA
2003
|
| Materias: | |
| Etiquetas: |
Sin Etiquetas, Sea el primero en etiquetar este registro!
|
MARC
| LEADER | 00000nam$a2200000$$$4500 | ||
|---|---|---|---|
| 001 | 0005329 | ||
| 005 | 20240318115314.1 | ||
| 020 | |a 80-88727-71-5 | ||
| 041 | 0 | |a slo | |
| 044 | |a SK | ||
| 245 | 1 | 0 | |a ISA - Medzinárodné audítorské štandardy |c Ladislav Kareš |
| 264 | 1 | |a Bratislava |b SÚVAHA |c 2003 | |
| 300 | |a 84 s. | ||
| 610 | 2 | 0 | |a štandardy účtovné medzinárodné |
| 610 | 2 | 0 | |a štandardy audítorské medzinárodné |
| 610 | 2 | 0 | |a audit |
| 610 | 2 | 0 | |a audítori |
| 610 | 2 | 0 | |a kontrola finančná |
| 610 | 2 | 0 | |a integrácia ekonomická medzinárodná |
| 610 | 2 | 0 | |a Európska únia |
| 100 | 1 | |a Kareš, Ladislav | |